| 000 | 00383nam a2200145Ia 4500 | ||
|---|---|---|---|
| 008 | 151021s9999 xx 000 0 und d | ||
| 020 | _a582005345 | ||
| 050 | _aDA 355 .H17 1988 | ||
| 245 | _a_Elizabeth 1 Christopher Haigh | ||
| 260 | _aLondon Longman 1988 | ||
| 300 | _avii,198p. | ||
| 500 | _aIncludes index. | ||
| 650 | _a_Elizabeth 1 | ||
| 980 | _a^d20110712 04:25:43^oanne | ||
| 999 |
_c7910 _d7910 |
||